00805 a2200157 45000010006000000050017000060080041000230030015000640400040000790800038001192450028001572500012001852640029001975050401002261000020006275714120260407155834.0260407a1946 arg spa dAR-UNSa-BCEJYS aAR-UNSa-BCEJYSbspacAR-UNSa-BCEJYS a911.3:33xGeografía económica10aGeografía Económica a4a. ed. 1aBarcelona :bLaborc1946 aPrimera parte. Manantiales de energía y productos minerales industriales: 1. Manantiales de energía y materias primas del reino mineral – 2. Primeras materias minerales – Segunda parte. Productos alimenticios e industriales de los reinos vegetal y animal: 1. Artículos alimenticios e industriales de los reinos vegetal y animal – 2. Artículos industriales de origen vegetal y animal1 aSchmidt, Walter